Spectrum Management Advisory Group (Record no. 120079)

MARC details
000 -LEADER
fixed length control field 00868cam a2200217 4500
001 - CONTROL NUMBER
control field WS118731
008 - FIXED-LENGTH DATA ELEMENTS--GENERAL INFORMATION
fixed length control field 020705n 000 0 eng u
035 ## - SYSTEM CONTROL NUMBER
System control number (Sirsi) u118731
110 ## - MAIN ENTRY--CORPORATE NAME
Corporate name or jurisdiction name as entry element Spectrum Management Advisory Group
9 (RLIN) 4272
245 ## - TITLE STATEMENT
Title Spectrum Management Advisory Group
520 ## - SUMMARY, ETC.
Summary, etc. Web site for this advisory non-departmental public body which reports directly to ministers on strategic issues relating directly to the radio spectrum. Includes links to their position papers and consultation.
650 ## - SUBJECT ADDED ENTRY--TOPICAL TERM
Topical term or geographic name entry element GOVERNMENT
650 ## - SUBJECT ADDED ENTRY--TOPICAL TERM
Topical term or geographic name entry element RADIO SPECTRUM
650 ## - SUBJECT ADDED ENTRY--TOPICAL TERM
Topical term or geographic name entry element DIGITAL BROADCASTING
650 ## - SUBJECT ADDED ENTRY--TOPICAL TERM
Topical term or geographic name entry element COMMUNICATION REFORM WHITE PAPER
650 ## - SUBJECT ADDED ENTRY--TOPICAL TERM
Topical term or geographic name entry element BROADBAND WIRELESS
650 ## - SUBJECT ADDED ENTRY--TOPICAL TERM
Topical term or geographic name entry element HOME AREA NETWORKS
690 ## - LOCAL SUBJECT ADDED ENTRY--TOPICAL TERM (OCLC, RLIN)
Topical term or geographic name as entry element TELECOMMUNICATIONS
856 40 - ELECTRONIC LOCATION AND ACCESS
Uniform Resource Identifier <a href="https://www.smag.radio.gov.uk">https://www.smag.radio.gov.uk</a>
Public note View the website free of charge at www.smag.radio.gov.uk...
942 ## - ADDED ENTRY ELEMENTS (KOHA)
Suppress in OPAC 0
Holdings
Withdrawn status Lost status Source of classification or shelving scheme Damaged status Not for loan Home library Current library Shelving location Date acquired Total Checkouts Full call number Barcode Date last seen Copy number Price effective from Koha item type
    Dewey Decimal Classification     Virtual Virtual Online 05/07/2002   WEB SITE 118731-2001 06/08/2019 1 06/08/2019 Online material